|
|
|
|
| LEADER |
00000nab a2200000 a 4500 |
| 001 |
vtls000549984 |
| 003 |
SK-MaSNL |
| 005 |
20260304095129.0 |
| 008 |
250425c1995 xo 0 slo |
| 015 |
|
|
|a SNBRB19rr/mm-uuuuu
|
| 035 |
|
|
|a CL0550122
|
| 035 |
|
|
|a urn:nbn:sk:snk-abal1v
|
| 035 |
|
|
|a (urnnbn)urn:nbn:sk:snk:ar-a0ald4
|
| 035 |
|
|
|a (uuid)4016edbb-ec1e-44a5-a676-0f8db6a687c5
|
| 040 |
|
|
|a SNKBUCL
|b slo
|c SNKBUCL
|e AACR2
|
| 041 |
0 |
|
|a slo
|
| 044 |
|
|
|a xo
|c SK
|
| 080 |
|
|
|a 331.94(437.6)
|2 1981
|
| 080 |
|
|
|a 331.82(437.6)
|2 1981
|
| 100 |
1 |
|
|a Gurecka, Andrej
|4 aut
|9 1392105
|
| 245 |
1 |
0 |
|a Inšpekcia práce v Slovenskej republike
|c Andrej Gurecka
|
| 650 |
0 |
7 |
|a inšpekcia práce
|2 snkbucl
|9 18746
|
| 655 |
|
7 |
|a články z novín a časopisov
|2 snkbucl
|9 267496
|
| 773 |
0 |
|
|t Bezpečná práca
|g Roč. 26, č. 3 (1995), s. 99
|x 0322-8347
|
| 850 |
|
|
|a Slovenská národná knižnica
|
| 852 |
|
|
|a Slovenská národná knižnica
|
| 954 |
|
|
|a odborná, vedecká literatúra pôvodná (slovenská)
|2 lita
|
| 958 |
|
|
|a article14
|
| 958 |
|
|
|a RK
|
| 958 |
|
|
|a SK
|
| 958 |
|
|
|a OND
|
| 958 |
|
|
|a EUIPO
|
| 992 |
|
|
|a RBX
|
| 999 |
|
|
|c 2830910
|d 2832840
|